Colección legislativa de primera enseñanza ... / (Record no. 185799)
[ view plain ]
| 000 -LEADER | |
|---|---|
| campo de control de longitud fija | 00824nas a2200193 i 4500 |
| 001 - NÚMERO DE CONTROL | |
| campo de control | 185799 |
| 003 - IDENTIFICADOR DE NÚMERO DE CONTROL | |
| campo de control | ES-MaACL |
| 005 - FECHA Y HORA DE LA ÚLTIMA TRANSACCIÓN | |
| campo de control | 20250217134919.0 |
| 008 - DATOS DE LONGITUD FIJA--INFORMACIÓN GENERAL | |
| campo de control de longitud fija | 160811d18871889sp | p r | ||pa d |
| 022 ## - NÚMERO INTERNACIONAL NORMALIZADO PARA PUBLICACIONES SERIADAS | |
| Número Internacional Normalizado para Publicaciones Seriadas | 2484-2699 |
| 245 00 - MENCIÓN DEL TÍTULO | |
| Título | Colección legislativa de primera enseñanza ... / |
| Mención de responsabilidad, etc. | publicada por la Dirección General de Instrucción pública [y la Junta de Inspección y Estadística]. |
| 260 ## - PUBLICACIÓN, DISTRIBUCIÓN, ETC. | |
| Lugar de publicación, distribución, etc. | Madrid : |
| Nombre del editor, distribuidor, etc. | Dirección General de Instrucción Pública, |
| Fecha de publicación, distribución, etc. | 1887-1889 ( |
| Fabricante | Imp. del Colegio Nacional de Sordo-Mudos y de Ciegos) |
| 300 ## - DESCRIPCIÓN FÍSICA | |
| Extensión | 1 vol. (238 p.) ; |
| Dimensiones | 25 cm. |
| 650 #4 - PUNTO DE ACCESO ADICIONAL DE MATERIA--TÉRMINO DE MATERIA | |
| Término de materia o nombre geográfico como elemento de entrada | Enseñanza primaria- |
| Subdivisión geográfica | España- |
| Subdivisión de forma | Legislación. |
| 9 (RLIN) | 158190 |
| 710 1# - ENTRADA AGREGADA--NOMBRE DE ENTIDAD CORPORATIVA | |
| Nombre de entidad corporativa o nombre de jurisdicción como elemento de entrada | España. |
| Unidad subordinada | Ministerio de Fomento. |
| -- | Dirección General de Instrucción Pública. |
| 9 (RLIN) | 142709 |
| 852 ## - LOCALIZACIÓN | |
| Ubicación | ES-MaACL |
| Número de control de estantería | A-8996 |
| 866 #0 - MENCIÓN TEXTUAL DE FONDOS--UNIDAD BIBLIOGRÁFICA BÁSICA | |
| Fondos | 1886. |
| Estatus retirado | Estado de pérdida | Estado de daño | No para préstamo | Colección | Biblioteca de origen | Biblioteca actual | Ubicación en estantería | Fecha de adquisición | Fuente de adquisición | Total de préstamos | Signatura topográfica completa | Código de barras | Visto por última vez | Precio de reemplazo | Tipo de ítem Koha |
|---|---|---|---|---|---|---|---|---|---|---|---|---|---|---|---|
| Periódicos y Revistas | Biblioteca del Ateneo de Madrid | Biblioteca del Ateneo de Madrid | Depósito 1 | 11/08/2016 | A-8996 | 1195855 | 23/02/2023 | 23/02/2023 | Revista |
